| 000 | 00786nam a2200205Ii 4500 | ||
|---|---|---|---|
| 003 | JO-AjNU | ||
| 008 | 230605s9999||||xx |||||||||||||| ||und|| | ||
| 017 | _a2009/9/3873 | ||
| 040 |
_aJO-AjNU _bara _erda _cJO-AjNU |
||
| 041 | _aara | ||
| 050 | 1 | 4 | _aHQ767.9 2009 |
| 100 | 3 |
_aداود، نسيمة / م.مشارك: نزيه حمدي, _eauthor _923078 |
|
| 245 | 0 | 0 | _aالاسرة والطفل : دراسة اعدها بتكليف من مكتب التربية العربي لدول الخليج |
| 264 | 3 | 1 | _aعمان: وزارة الثقافة، 2009 |
| 300 |
_a175ص _bيحتوي ببلوغرافية من ص 171-175ص |
||
| 336 |
_atext _btxt _2rdacontent |
||
| 337 |
_aunmediated _bn _2rdamedia |
||
| 338 |
_avolume _bnc _2rdacarrier |
||
| 650 | 4 |
_aالاسرة - الطفل _923079 |
|
| 999 |
_aA8293 _c11861 _d11861 |
||